Регионална библиотека "Любен Каравелов" - Русе

Спомени от изминалия път в живота ми (Запис номер 341770)

MARC детайли
000 -Лидер
Контролно поле с фиксирана дължина 01075nam a2200277 c 4500
003 - Код на организацията, давaща контролен номер
Контролно поле BLK
005 - Дата и час на последна редакция
Контролно поле 20200424155655.0
008 - Елементи от данни с фиксирана дължина
fixed length control field 180911b bul|||||r ||||||| ||bul||
010 ## - Наследен системен номер
LC control number 001400
040 ## - Източник на каталожния запис
Идентификатор на билиотеката - собственик на записа BLK
041 ## - Код за език
Код за езика на текст/звукозапис или на отделно заглавие Български
Код за езика КДБФ Български
080 ## - УДК
Текстов определител УДК Крайничанец, Иван
УДК определител 92
УДК - код + определител 949.72(092)92
100 1# - Редна дума - Автор
Автор КРАЙНИЧАНЕЦ, Иван
Авторска отговорност първи автор
R(LIN) 396787
245 00 - Сведения за заглавието
Заглавие Спомени от изминалия път в живота ми
Том Кн. 1
246 ## - Различни форми на заглавието
Паралелно заглавие Кн. 1-
260 ## - Област на издателските данни
Място на издаване, разпространение и проч. Скопие
Име на издателя, разпространителя и проч. печ. Крайничанец
Година на издаване 1942 -
Дата на отпечатване 1942
300 ## - Физическа характеристика
Страници 89 с
Размери/Мащаб 21 см
380 ## - Жанр
Жанр История
490 ## - СЕРИИ (Колекции)
Име на серия Частна колекция - Академик Михаил Арнаудов
Бележки за серията Дарение - Основен фонд
500 ## - Общи забележки
Забележка Автограф с текст: В дар на г-н проф. М. Арнаудов в София от автора Ив Крайничанец
650 ## - Допълнително описание по предмет – тема
Основно описание – тема или топоним Биографии
9 (RLIN) 148657
655 ## - Ключова дума – жанр/разновидност
Данни за жанр/разновидност или ключова дума за фокус българска история
700 1# - Други автори (авторска отговорност)
Лично име Иван П. Крайничанец
9 (RLIN) 399029
852 ## - Местоположение
Форматна сигнатура МА 2600
Фондова буква Фонд "Михаил Арнаудов"
999 ## - СИСТЕМНИ КОНТРОЛНИ НОМЕРА
Koha biblionumber 341770
Koha biblioitemnumber 341770
942 ## - АРТИКУЛИ
Вид на библиотечния материал Книги
Скрит в OPAC Не
Периодичен библиозапис Да
944 ## - СЪЗДАВАНЕ И РЕДАКЦИЯ на ЗАПИСА
Създаване/Редакция Създаване
Дата на регистрацията/редакция 1997
Служител, извършил регистрацията/редакцията GGG
999 ## - СИСТЕМНИ КОНТРОЛНИ НОМЕРА
Koha biblioitemnumber 341770
999 ## - СИСТЕМНИ КОНТРОЛНИ НОМЕРА
Koha biblioitemnumber 341770
Наличности
Код за отписване Код за изгубен артикул Източник на класификационната схема Код за повреда Коз за рестрикции Код за отдаване Артикулен № Име на библиотеката - собственик Име на библиотеката, в която се намира в момента Статус (Текущо местоположение) Местоположение - отдел Цена в лева Номерация (Хронология) Инвентарен номер Систематично азбучна сигнатура Баркод Номер на екземпляра Цена в евро Служебен тип на артикула
  Не е изгубен Universal Decimal Classification Не е повреден само за читалня Специални фондове ( старопечатни, редки и ценни, фонд М. Арнаудов) 741768 Регионална библиотека "Любен Каравелов" Русе Регионална библиотека "Любен Каравелов" Русе Фонд "Михаил Арнаудов" Фонд "Михаил Арнаудов" 25.00 Автограф: Иван Крайничанец 590979 МА 2600 120000590979 1 12.78 Книги
Vip Innovations Ltd, Rousse, Bulgaria 2025